[Event "Karvina op"]
[Site "Karvina"]
[Date "2012.07.06"]
[Round "7"]
[White "Charouz, Jaroslav"]
[Black "Olsar, Zdenek"]
[Result "0-1"]
[WhiteElo "1663"]
[BlackElo "1999"]
[PlyCount "53"]
[EventDate "2012.06.30"]
[EventType "swiss"]
[EventRounds "9"]
[EventCountry "CZE"]
[SourceTitle "EXT 2014"]
[Source "ChessBase"]
[SourceDate "2013.11.20"]
[SourceVersion "1"]
[SourceVersionDate "2013.11.20"]
[SourceQuality "1"]

1. e4 c5 2. Nf3 d6 3. d4 cxd4 4. Nxd4 Nf6 5. Nc3 a6 6. Be2 e6 7. 0-0 Be7 8. f4 0-0 9. Qe1 Nc6 10. Be3 Qc7 11. a4 Nxd4 12. Bxd4 e5 13. Be3 exf4 14. Rxf4 Be6 15. Bd4 Nd7 16. Qg3 Ne5 17. Bd3 Rfe8 18. Raf1 Bf8 19. Nd5 Bxd5 20. exd5 g6 21. h4 Bg7 22. h5 Re7 23. c4 Rae8 24. b4 b6 25. Re1 Nxd3 26. Bxg7 Nxe1 27. Bf6 0-1

[Event "Karvina op"]
[Site "Karvina"]
[Date "2012.07.03"]
[Round "4"]
[White "Weissmann, Lukas"]
[Black "Charouz, Jaroslav"]
[Result "1/2-1/2"]
[WhiteElo "2146"]
[BlackElo "1663"]
[PlyCount "80"]
[EventDate "2012.06.30"]
[EventType "swiss"]
[EventRounds "9"]
[EventCountry "CZE"]
[SourceTitle "EXT 2014"]
[Source "ChessBase"]
[SourceDate "2013.11.20"]
[SourceVersion "1"]
[SourceVersionDate "2013.11.20"]
[SourceQuality "1"]

1. e4 c5 2. Nf3 d6 3. d4 cxd4 4. Nxd4 Nf6 5. Nc3 a6 6. Be3 e6 7. f3 Be7 8. Qd2 0-0 9. g4 Nc6 10. 0-0-0 Bd7 11. g5 Nh5 12. Rg1 g6 13. Nb3 Ne5 14. Be2 Rc8 15. f4 Nc4 16. Qd4 Nxe3 17. Qxe3 Ng7 18. h4 b5 19. h5 b4 20. h6 Ne8 21. Nb1 a5 22. Bd3 a4 23. Nd4 e5 24. Nf3 exf4 25. Qxf4 Qb6 26. e5 Bb5 27. Bxb5 Qxb5 28. exd6 Qc5 29. Rg2 Nxd6 30. Qd4 Nf5 31. Qxc5 Rxc5 32. Rd3 Rfc8 33. a3 b3 34. c3 Nh4 35. Nxh4 Bxg5+ 36. Rxg5 Rxg5 37. Nf3 Rh5 38. Re3 Rxh6 39. Nbd2 f5 40. Kd1 Rh1+ 1/2-1/2

[Event "Karvina op"]
[Site "Karvina"]
[Date "2011.07.10"]
[Round "9"]
[White "Walica, Roman"]
[Black "Charouz, Jaroslav"]
[Result "0-1"]
[WhiteElo "1639"]
[BlackElo "1679"]
[PlyCount "66"]
[EventDate "2011.07.02"]
[EventType "swiss"]
[EventRounds "9"]
[EventCountry "CZE"]
[SourceTitle "CBM 143 Extra"]
[Source "ChessBase"]
[SourceDate "2011.08.29"]
[SourceVersion "1"]
[SourceVersionDate "2011.08.29"]
[SourceQuality "1"]

1. e4 c5 2. Nf3 d6 3. d4 cxd4 4. Nxd4 Nf6 5. Nc3 a6 6. Be3 Nc6 7. f3 e6 8. Be2 Be7 9. Qd2 0-0 10. 0-0 e5 11. Nb3 b5 12. a3 Bb7 13. Rad1 h6 14. Kh1 Rc8 15. Qe1 Nb8 16. Qf2 Nbd7 17. Rd2 Qc7 18. Rfd1 Nc5 19. Nxc5 dxc5 20. h3 Qa5 21. Nd5 Nxd5 22. exd5 Bd6 23. f4 e4 24. f5 Qd8 25. Rf1 Qf6 26. b3 Rfd8 27. c4 bxc4 28. bxc4 Qe5 29. Qf4 Qf6 30. Qg4 Rc7 31. Bf4 Re7 32. Re1 e3 33. Rc2 Re4 0-1

[Event "Karvina op"]
[Site "Karvina"]
[Date "2011.07.05"]
[Round "4"]
[White "Charouz, Jaroslav"]
[Black "Pacl, Vaclav"]
[Result "0-1"]
[WhiteElo "1679"]
[BlackElo "2193"]
[PlyCount "78"]
[EventDate "2011.07.02"]
[EventType "swiss"]
[EventRounds "9"]
[EventCountry "CZE"]
[SourceTitle "CBM 143 Extra"]
[Source "ChessBase"]
[SourceDate "2011.08.29"]
[SourceVersion "1"]
[SourceVersionDate "2011.08.29"]
[SourceQuality "1"]

1. e4 d6 2. d4 Nf6 3. Bd3 e5 4. c3 Nc6 5. d5 Ne7 6. h3 Ng6 7. Ne2 Nh5 8. Qa4+ Bd7 9. Bb5 Be7 10. Be3 a6 11. Bxd7+ Qxd7 12. Qxd7+ Kxd7 13. g3 h6 14. Nd2 Bg5 15. b4 b5 16. Nb3 Nf6 17. Bxg5 hxg5 18. f3 g4 19. Kf2 gxf3 20. Kxf3 Ne7 21. a4 c6 22. dxc6+ Nxc6 23. h4 Ke6 24. a5 Rhc8 25. Rad1 Ne7 26. Rd3 Rc4 27. Re3 Rac8 28. Re1 Nd7 29. g4 d5 30. Nd2 R4c7 31. h5 f6 32. exd5+ Nxd5 33. Nd4+ Kf7 34. Nf5 Nxe3 35. Nd6+ Kf8 36. Nxc8 Nc2 37. Rc1 Rxc3+ 38. Kf2 Rxc8 39. Ne4 Rc4 0-1

[Event "Karvina op"]
[Site "Karvina"]
[Date "2011.07.02"]
[Round "1"]
[White "Zwardon, Vojtech"]
[Black "Charouz, Jaroslav"]
[Result "1-0"]
[WhiteElo "2231"]
[BlackElo "1679"]
[PlyCount "75"]
[EventDate "2011.07.02"]
[EventType "swiss"]
[EventRounds "9"]
[EventCountry "CZE"]
[SourceTitle "CBM 143 Extra"]
[Source "ChessBase"]
[SourceDate "2011.08.29"]
[SourceVersion "1"]
[SourceVersionDate "2011.08.29"]
[SourceQuality "1"]

1. e4 c5 2. Nf3 d6 3. d4 cxd4 4. Nxd4 Nf6 5. Nc3 a6 6. h3 e6 7. g4 Be7 8. Bg2 Qc7 9. Be3 Nc6 10. f4 Nd7 11. 0-0 Rb8 12. g5 0-0 13. f5 Nxd4 14. Qxd4 Rd8 15. f6 Bf8 16. Rad1 g6 17. Qa7 Qa5 18. a3 Qc7 19. Rf2 Qc4 20. Qd4 b5 21. Qd2 b4 22. axb4 Qxb4 23. b3 Bb7 24. Ba7 Rbc8 25. Na4 Qb5 26. Qe3 Nc5 27. Nb6 Rc6 28. Nc4 Rcc8 29. Rfd2 d5 30. exd5 exd5 31. Bxd5 Re8 32. Qf3 Ne4 33. Bxf7+ Kh8 34. Bxe8 Nxd2 35. Rxd2 Rxe8 36. Qg3 Qc6 37. Ne3 Kg8 38. Qf4 1-0

[Event "Karvina op"]
[Site "Karvina"]
[Date "2010.07.11"]
[Round "9"]
[White "Charouz, Jaroslav"]
[Black "Urbanik, Lukas"]
[Result "0-1"]
[WhiteElo "1765"]
[BlackElo "1825"]
[PlyCount "52"]
[EventDate "2010.07.03"]
[EventType "swiss"]
[EventRounds "9"]
[EventCountry "CZE"]
[SourceTitle "EXT 2011"]
[Source "ChessBase"]
[SourceDate "2010.11.26"]
[SourceVersion "1"]
[SourceVersionDate "2010.11.26"]
[SourceQuality "1"]

1. e4 c5 2. Nf3 d6 3. d4 cxd4 4. Nxd4 Nf6 5. Nc3 a6 6. Bc4 e6 7. Bb3 Be7 8. 0-0 b5 9. a3 0-0 10. Be3 Qc7 11. f3 Nc6 12. Qe1 Bb7 13. Rd1 Rfe8 14. Kh1 d5 15. exd5 Nxd4 16. Bxd4 exd5 17. Qf2 Rac8 18. Bb6 Qd7 19. Bd4 Qf5 20. Rd2 Red8 21. Rfd1 Qg6 22. Bxf6 Bxf6 23. Nxd5 Bxd5 24. Bxd5 h6 25. c3 Rd7 26. Bxf7+ Rxf7 0-1